00789nam a2200205 a 450000100100000000500170001000800410002704000250006808200160009310000270010924500730013626000430020930000210025249000120027359000280028583000190031395201140033295201200044699900170056600004840320201002061128.0190226s1997 dr r 000 0 spa d aDO-SdBNPbspacBNPHU axxxxbM425f1 aMateo, Andrés95845410aFelicidad y verdad :btarea nuestra de cada día /cAndrés Mateo. aSanto Domingo :bEdiciones MSC,c1997. a250 p. ;c23 cm.1 aLuzv13 aInventariado, 2019 / DG 0aLuzn13975810 0010718PDaPDbPDcHDd2019-02-26iLF1l0oxxxx M425fp48403-10r2020-06-25w2020-06-25yLFPDZNo se presta 0010718PDaPDbPDcHDd2019-05-28iLF1l0oxxxx M425fp48403-20r2020-06-25te. 2w2020-06-25yLFPDZNo se presta c47891d47891